Southville International School and Colleges
Your cart is empty.
  • Cart
  • Lists
    Public lists Eva Luna New books Lux_list list_1
    Your lists Log in to create your own lists
  • Log in to your account
  • Your cookies
  • Search history
Southville International School and Colleges
  • Advanced search
  • Recent comments
  • Most popular
  • Libraries

Log in to your account

Log in with GOOGLE


If you do not have an external account, but do have a local account, you can still log in:

  1. Home
  2. MARC view: Ethical, legal and professional issues in computing /
Normal view MARC view ISBD view

Ethical, legal and professional issues in computing / (Record no. 296095)

[ view plain ]
MARC details
000 -LEADER
fixed length control field 00659nam a2200217Ia 4500
008 - FIXED-LENGTH DATA ELEMENTS--GENERAL INFORMATION
fixed length control field 160621s9999 xx 000 0 und d
020 ## - INTERNATIONAL STANDARD BOOK NUMBER
International Standard Book Number 978-981-4253-90-1
050 ## - LIBRARY OF CONGRESS CALL NUMBER
Classification number ComSc QA 76.9
050 ## - LIBRARY OF CONGRESS CALL NUMBER
Item number .M65D87 2008
100 ## - MAIN ENTRY--PERSONAL NAME
Personal name Duquenoy, Penny
245 ## - TITLE STATEMENT
Title Ethical, legal and professional issues in computing /
245 ## - TITLE STATEMENT
Statement of responsibility, etc Penny Duquenoy.
260 ## - PUBLICATION, DISTRIBUTION, ETC. (IMPRINT)
Place of publication, distribution, etc Singapore :
260 ## - PUBLICATION, DISTRIBUTION, ETC. (IMPRINT)
Name of publisher, distributor, etc Cengage Learning Asia Pte Ltd.,
260 ## - PUBLICATION, DISTRIBUTION, ETC. (IMPRINT)
Date of publication, distribution, etc 2008
300 ## - PHYSICAL DESCRIPTION
Extent 253 pages :
300 ## - PHYSICAL DESCRIPTION
Other physical details illustrations ;
300 ## - PHYSICAL DESCRIPTION
Dimensions 23 cm.
650 ## - SUBJECT ADDED ENTRY--TOPICAL TERM
Topical term or geographic name as entry element Electronic data processing -- Moral and ethical aspects.
650 ## - SUBJECT ADDED ENTRY--TOPICAL TERM
General subdivision Information technology -- Moral and ethical aspects.
Holdings
Withdrawn status Lost status Damaged status Home library Current library Shelving location Date acquired Cost, normal purchase price Total Checkouts Full call number Barcode Date last seen Price effective from Koha item type
      South Mansfield College South Mansfield College   02/20/2013 398.00   ComSc QA 76.9 .M65D87 2008 SMC05861 06/21/2016 06/21/2016  

Ethical, legal and professional issues in computing /

APA

Duquenoy P., .Ethical, legal and professional issues in computing. Singapore: .

Chicago

Duquenoy Penny, .Ethical, legal and professional issues in computing. Singapore: .

Harvard

Duquenoy P., .Ethical, legal and professional issues in computing. Singapore: .

MLA

Duquenoy Penny, .Singapore: . .

  • Place hold
  • Print
  • Cite
  • Add to your cart (remove)
  • Save record
    BIBTEX Dublin Core MARCXML MARC (non-Unicode/MARC-8) MARC (Unicode/UTF-8) MARC (Unicode/UTF-8, Standard) MODS (XML) RIS
  • More searches
    Search for this title in:
    Other Libraries (WorldCat) Other Databases (Google Scholar) Online Stores (Bookfinder.com) Open Library (openlibrary.org)

Exporting to Dublin Core...

SOUTHVILLE LIBRARY

Southville International School and Colleges Library

1281 Tropical Ave. Cor. Luxembourg St., BF Homes International, Las Pinas City

Tel. No. 8256374 / 252358 Loc. 117/146

Powered by Koha